Pays du monde en russe - Statistiques

Statistiques générales
  • Ce quiz a été pris 7 fois
  • Le résultat moyen est 11 sur 196
Réponses sur la Carte
Les réponses sont colorées sur une échelle allant du rouge au vert en fonction du pourcentage des utilisateurs qui les ont devinées à leur premier essai. Vous pouvez retrouver ces pourcentages ci-dessous.
 
Statistiques - réponses
Pays % Correct
Франция
67%
Австралия
50%
Бразилия
50%
Канада
50%
Индия
50%
Италия
50%
Япония
50%
Португалия
50%
Россия
50%
Германия
33%
Китай
33%
Куба
33%
Испания
33%
Мексика
33%
Монголия
33%
Польша
33%
Афганистан
17%
Албания
17%
Армения
17%
Болгария
17%
Чили
17%
Дания
17%
Египет
17%
Финляндия
17%
Грузия
17%
Греция
17%
Гаити
17%
Ирак
17%
Иран
17%
Ирландия
17%
Исландия
17%
Израиль
17%
Ямайка
17%
Мадагаскар
17%
Молдавия
17%
Норвегия
17%
Новая Зеландия
17%
Перу
17%
Сербия
17%
Швеция
17%
Швейцария
17%
Украина
17%
Южная Африка
0%
Алжир
0%
Андорра
0%
Ангола
0%
Антигуа и Барбуда
0%
Саудовская Аравия
0%
Аргентина
0%
Австрия
0%
Азербайджан
0%
Багамь
0%
Бахрейн
0%
Бангладеш
0%
Барбадос
0%
Бельгия
0%
Белиз
0%
Бенин
0%
Бутан
0%
Белоруссия
0%
Мьянма
0%
Боливия
0%
Босния и Герцеговина
0%
Ботсвана
0%
Бруней
0%
Буркина-Фасо
0%
Бурунди
0%
Камбоджа
0%
Камерун
0%
Кабо-Верде
0%
Кипр
0%
Колумбия
0%
Коморы
0%
Северная Корея
0%
Южная Корея
0%
Коста-Рика
0%
Кот-д'Ивуар
0%
Хорватия
0%
Джибути
0%
Доминикана
0%
Объединенные Арабские Эмираты
0%
Эквадор
0%
Эритрея
0%
Эстония
0%
Эсватини
0%
Микронезия
0%
Соединенные Штаты
0%
Эфиопия
0%
Фиджи
0%
Габон
0%
Гамбия
0%
Гана
0%
Гренада
0%
Гватемала
0%
Гвинея
0%
Экваториальная Гвинея
0%
Гвинея-Бисау
0%
Гайана
0%
Гондурас
0%
Венгрия
0%
Маршалловы острова
0%
Соломоновы острова
0%
Индонезия
0%
Иордания
0%
Казахстан
0%
Кения
0%
Киргизия
0%
Кирибати
0%
Косово
0%
Кувейт
0%
Лаос
0%
Лесото
0%
Латвия
0%
Ливан
0%
Либерия
0%
Ливия
0%
Лихтенштейн
0%
Литва
0%
Люксембург
0%
Северная Македония
0%
Малайзия
0%
Малави
0%
Мальдивы
0%
мали
0%
Мальта
0%
Марокко
0%
Маврикий
0%
Мавритания
0%
Монако
0%
Черногория
0%
Мозамбик
0%
Намибия
0%
Науру
0%
Непал
0%
Никарагуа
0%
Нигер
0%
Нигерия
0%
Оман
0%
Уганда
0%
Узбекистан
0%
Пакистан
0%
Палау
0%
Панама
0%
Папуа - Новая Гвинея
0%
Парагвай
0%
Нидерланды
0%
Филиппины
0%
Катар
0%
Центрально-Африканская Республика
0%
Демократическая Республика Конго
0%
Доминиканская Респблика
0%
Чехия
0%
Румыния
0%
Великобритания
0%
Руанда
0%
Сент-Китс и Невис
0%
Сан-Марино
0%
Сент-Винсент и Гренадины
0%
Сент-Люсия
0%
сальвадор
0%
Самоа
0%
Сан-Томе и Принсипи
0%
Сенегал
0%
Сейшелы
0%
Сьерра-Леоне
0%
Сингапур
0%
Словакия
0%
Словения
0%
Сомали
0%
Судан
0%
южный Судан
0%
Шри-Ланка
0%
Суринам
0%
Сирия
0%
Таджикистан
0%
Тайвань
0%
Танзания
0%
Чад
0%
Таиланд
0%
Восточный Тимор
0%
Того
0%
Тонга
0%
Тринидад и Тобаго
0%
Тунис
0%
Туркмения
0%
Турция
0%
Тувалу
0%
Уругвай
0%
Вануату
0%
Ватикан
0%
Венесуэла
0%
Вьетнам
0%
Йемен
0%
Замбия
0%
Зимбабве
0%
Aucun quiz correspondant
Distribution des résultats
% des personnes avec chaque résultat
Percentile par nombre de réponses
Votre historique - résultats
Vous n’avez pas pris ce quiz